00278 a2200109 4500001000700000020000600007040001100013100003400024240005300058245004800111362000900159166985 a  cMagnum aCerquetti-Aberkane, Francoise10aO ensino da matematica na educacao infantillpor10aO ensino da matematica na educacao infantil0 a1899